| 000 | 00860nam a2200217Ii 4500 | ||
|---|---|---|---|
| 003 | JO-AjNU | ||
| 008 | 230605s9999||||xx |||||||||||||| ||und|| | ||
| 017 | _a1996/9/1240 | ||
| 040 |
_aJO-AjNU _bara _erda _cJO-AjNU |
||
| 041 | _aara | ||
| 050 | 1 | 4 | _aKMM394.6.N34.1997 |
| 100 | 3 |
_aصالح، نائل عبد الرحمن, _eauthor _941644 |
|
| 245 | 0 | 0 | _aمحاضرات في اصول المحاكمات الجزائية: قانون اصول المحاكمات الجزائية قانون محكمة الجنايات الكبرى |
| 250 | _aط1 | ||
| 264 | 3 | 1 | _aعمان : دار الفكر ،1997 |
| 300 | _a449ص | ||
| 336 |
_atext _btxt _2rdacontent |
||
| 337 |
_aunmediated _bn _2rdamedia |
||
| 338 |
_avolume _bnc _2rdacarrier |
||
| 650 | 4 |
_aالمحاكمات الجنائية -- الأردن -- المحاكم الجنائية -- الأردن _941645 |
|
| 999 |
_aA17770 _c21338 _d21338 |
||